Las instituciones y los geógrafos enfrentados a las recomposiciones territoriales /

Una mirada histórica sobre la evolución del territorio francés muestra que, a través de dos siglos, su organización, división y funcionamiento han cambiado profundamente. Cada vez que los modos de producción cambian también lo hace la configuración de los territorios en la que ellos se despliegan, c...

Full description

Bibliographic Details
Main Author: Coll, Jean Louis
Format: Analitica de revista
Language:Spanish
Published: Santiago, Chile Pontificia Universidad Católica de Chile 2001
Subjects:

MARC

LEADER 00000cab a2200000 a 4500
001 040607
003 UAHC_CL
005 20170803124457.0
008 051006b xx j 000 1 spa
040 |a UAHC_CL  |c UAHC_CL  |d UAHC_CL 
100 1 |a Coll, Jean Louis 
245 1 4 |a Las instituciones y los geógrafos enfrentados a las recomposiciones territoriales /  |c Jean Louis Coll. 
260 |b Pontificia Universidad Católica de Chile  |c 2001  |a Santiago, Chile 
300 |a pp. 65-71 
500 |a En: Revista de geografía norte grande, n˚28, 2001. pp.65-71. ISSN 0379-8682 
500 |a En: Revista de geografía norte grande, n°28, 2001. pp.65-71. ISSN 0379-8682 
500 |a En: Revista de geografÌa norte grande, nç28, 2001. pp.65-71. ISSN 0379-8682 
520 |a Una mirada histórica sobre la evolución del territorio francés muestra que, a través de dos siglos, su organización, división y funcionamiento han cambiado profundamente. Cada vez que los modos de producción cambian también lo hace la configuración de los territorios en la que ellos se despliegan, como también los modos de gestión y de representación de estos nuevos territorios. Confrontados a estas evoluciones, las instituciones y los geógrafos deben construir nuevos marcos decisionales y nuevas herramientas para seguir gestionando y conociendo estas nuevas situaciones. 
520 |a Una mirada histórica sobre la evolución del territorio francés muestra que, a través de dos siglos, su organización, división y funcionamiento han cambiado profundamente. Cada vez que los modos de producción cambian también lo hace la configuración de los territorios en la que ellos se despliegan, como también los modos de gestión y de representación de estos nuevos territorios. Confrontados a estas evoluciones, las instituciones y los geógrafos deben construir nuevos marcos decisionales y nuevas herramientas para seguir gestionando y conociendo estas nuevas situaciones. 
650 4 |a COLECTIVADES TERRITORIALES 
650 4 |a DIVISIONES TERRITORIALES 
650 4 |a INTERCOMUNALIDAD 
759 |a PP115 
773 0 |t Revista de geografía norte grande  |w 040513 
900 |a REV. GEOGR. NORTE GD.-28/01 
942 |c REVA 
952 |0 0  |1 0  |4 0  |6 REV___GEOGR__NORTE_GD_28_01_000000000000000  |7 0  |8 General  |9 76372  |a BC  |b BC  |c General  |d 2017-08-03  |l 0  |o REV. GEOGR. NORTE GD.-28/01  |p FICTICIO6314  |r 2019-01-08 00:00:00  |t 1  |w 2017-08-03  |y REVA 
999 |c 40607  |d 40607